Effect of phosphorus on the growth and nutritional status of three leguminous cover crops in rubber plantations (Record no. 47128)
[ view plain ]
| 000 -LEADER | |
|---|---|
| fixed length control field | 01445nam a2200265Ia 4500 |
| 100 ## - MAIN ENTRY--AUTHOR NAME | |
| Personal name | Philip A |
| 245 #0 - TITLE STATEMENT | |
| Title | Effect of phosphorus on the growth and nutritional status of three leguminous cover crops in rubber plantations |
| 260 ## - PUBLICATION, DISTRIBUTION, ETC. (IMPRINT) | |
| Name of publisher | Indian Journal of Natural Rubber Research |
| Year of publication | 2001 |
| 300 ## - PHYSICAL DESCRIPTION | |
| Number of Pages | 43-47 |
| 520 ## - SUMMARY, ETC. | |
| Summary, etc | The dry matter production and uptake of nutrients in three leguminous cover crops viz. Pueraria phaseoloides, Mucuna bracteata and Calapogonium caeruleum were studied in a pot culture experiment using graded doses of rockphosphate. The cover crops responded to phosphorus application irrespective of the species. Among these species, varied responses were noted by the application of graded doses of phosphorus. Six months after planting, Pueraria showed superiority over other two species while Mucuna and Calapogonium were found to be on par in both dry matter production and uptake of nutrients. Dry matter production under both 30 and 45 kg P2O5 per ha application was on par. |
| 650 ## - SUBJECT ADDED ENTRY--TOPICAL TERM | |
| Topical Term | Cover crop |
| 650 ## - SUBJECT ADDED ENTRY--TOPICAL TERM | |
| Topical Term | Cover crop |
| 650 ## - SUBJECT ADDED ENTRY--TOPICAL TERM | |
| Topical Term | Dry matter production |
| 650 ## - SUBJECT ADDED ENTRY--TOPICAL TERM | |
| Topical Term | Dry matter production |
| 650 ## - SUBJECT ADDED ENTRY--TOPICAL TERM | |
| Topical Term | Hevea brasiliensis |
| 650 ## - SUBJECT ADDED ENTRY--TOPICAL TERM | |
| Topical Term | Hevea brasiliensis |
| 650 ## - SUBJECT ADDED ENTRY--TOPICAL TERM | |
| Topical Term | Nutrient uptake |
| 650 ## - SUBJECT ADDED ENTRY--TOPICAL TERM | |
| Topical Term | Nutrient uptake |
| 650 ## - SUBJECT ADDED ENTRY--TOPICAL TERM | |
| Topical Term | Rock phosphate |
| 650 ## - SUBJECT ADDED ENTRY--TOPICAL TERM | |
| Topical Term | Rock phosphate |
| 700 ## - ADDED ENTRY--PERSONAL NAME | |
| Personal name | George E S |
| 700 ## - ADDED ENTRY--PERSONAL NAME | |
| Personal name | Punnoose K I |
| 942 ## - ADDED ENTRY ELEMENTS (KOHA) | |
| Koha item type | Articles |
| Withdrawn status | Lost status | Damaged status | Not for loan | Home library | Current library | Shelving location | Date acquired | Serial Enumeration / chronology | Koha item type |
|---|---|---|---|---|---|---|---|---|---|
| Articles | RRII Library | RRII Library | Agronomy | 28/11/2001 | Volume 14, Issue 1 | Articles |